Snel reken quiz zo maar even tussendoor quiz 13 - Statistieken

Algemene statistieken
  • Deze quiz is 14 keer genomen
  • De gemiddelde score is 14 van 15
Antwoordstatistieken
Hint Antwoord % Correct
144 : 12 = 12
100%
500 : 4 = 125
100%
76 + 79 = 155
100%
13 x 13 = 169
100%
480 - 139 = 341
100%
89 x 5 = 445
100%
675 - 189 = 486
100%
445 + 56 = 501
100%
188 - 99 = 89
100%
96 + 79 = 175
88%
66 x 6 = 396
88%
4 x 14 = 56
88%
276 : 4 = 69
88%
696 : 4 = 174
75%
765 - 489 = 276
75%
Geen overeenkomende quizzen gevonden
Scoreverdeling
Procent van Mensen met Elke Score
Percentiel versus Aantal Correcte Antwoorden
Uw Scoregeschiedenis
U heeft deze quiz nog niet genomen